000
003110000a22001450004500
003
MACL
040
_a
MACL
090
_c
2901
_d
2901
100
_a
Bose, Ashish
245
_a
Demographic Zones In India
260
_b
B R Publishing Corporation
_c
1994
350
_a
300
650
_a
Sociology
942
_c
BOOK
_k
300
999
_c
2881
_d
2881